| 000 | 00451nam a2200181Ia 4500 | ||
|---|---|---|---|
| 001 | 19338 | ||
| 005 | 20260306172646.0 | ||
| 008 | 260306t2010||||xx |||||||||||||| ||spa|| | ||
| 041 | _aESP | ||
| 082 |
_a658.8342 _bH81 |
||
| 100 |
_aHoyer, Wayne D. _eAUT |
||
| 245 | 0 | _aComportamiento del consumidor | |
| 260 | _c2010 | ||
| 300 |
_a493 páginas : N-101 : C-5 : G-10 : I-36 _c27 cm. |
||
| 650 | _aGEN | ||
| 654 | _aCAN | ||
| 942 |
_cLIB _dJUS _fJUS _2ddc _n |
||
| 999 |
_c19338 _d19338 |
||